La linterna de Diógenes / (Record no. 76664)

MARC details
000 -LEADER
campo de control de longitud fija 00718nam a2200205 i 4500
001 - NÚMERO DE CONTROL
campo de control 76664
003 - IDENTIFICADOR DE NÚMERO DE CONTROL
campo de control ES-MaACL
005 - FECHA Y HORA DE LA ÚLTIMA TRANSACCIÓN
campo de control 20251005063054.0
007 - CAMPO FIJO DE DESCRIPCIÓN FÍSICA--INFORMACIÓN GENERAL
campo de control de longitud fija t|
008 - DATOS DE LONGITUD FIJA--INFORMACIÓN GENERAL
campo de control de longitud fija 041004s1921 sp ||||1| spa d
100 1# - ENTRADA PRINCIPAL--NOMBRE DE PERSONA
Nombre de persona Guillén, Alberto,
Fechas asociadas al nombre 1897-1935
9 (RLIN) 60758
245 13 - MENCIÓN DEL TÍTULO
Título La linterna de Diógenes /
Mención de responsabilidad, etc. Alberto Guillén ; prólogo de Ramón Pérez de Ayala ; epílogo de Ramón Gómez de la Serna.
260 ## - PUBLICACIÓN, DISTRIBUCIÓN, ETC.
Lugar de publicación, distribución, etc. Madrid :
Nombre del editor, distribuidor, etc. América,
Fecha de publicación, distribución, etc. [1921]
300 ## - DESCRIPCIÓN FÍSICA
Extensión 270 p. ;
Dimensiones 19 cm.
650 #4 - PUNTO DE ACCESO ADICIONAL DE MATERIA--TÉRMINO DE MATERIA
Término de materia o nombre geográfico como elemento de entrada Escritores españoles-
Subdivisión de forma Entrevistas.
9 (RLIN) 12386
700 1# - ENTRADA AGREGADA--NOMBRE PERSONAL
Nombre de persona Pérez de Ayala, Ramón,
Fechas asociadas al nombre 1880-1962
9 (RLIN) 90763
700 1# - ENTRADA AGREGADA--NOMBRE PERSONAL
Nombre de persona Gómez de la Serna, Ramón,
Fechas asociadas al nombre 1888-1963
9 (RLIN) 57901
852 ## - LOCALIZACIÓN
Ubicación ES-MaACL
Número de control de estantería F-4635
Holdings
Estatus retirado Estado de pérdida Estado de daño No para préstamo Biblioteca de origen Biblioteca actual Ubicación en estantería Fecha de adquisición Fuente de adquisición Total de préstamos Signatura topográfica completa Código de barras Visto por última vez Precio de reemplazo Tipo de ítem Koha
        Biblioteca del Ateneo de Madrid Biblioteca del Ateneo de Madrid Depósito 2 17/01/2008     F-4635 1080220 23/02/2023 23/02/2023 Libro impreso